000
00203 a2200097 4500
001
38654
100
_a
245
_a
Optoelectronics
260
_a
USA
_b
Addison Wesley Pub
_c
1990
090
_c
24514
_d
24514
942
_a
NUST-CAE
_c
M
_c
16130
999
_c
273727
_d
273727